Handbook of Powder Science and Technology / (Record no. 11862)
[ view plain ]
| 000 -LEADER | |
|---|---|
| fixed length control field | 00932cam a2200253 a 4500 |
| 001 - CONTROL NUMBER | |
| control field | 460795 |
| 005 - DATE AND TIME OF LATEST TRANSACTION | |
| control field | 19860716000000.0 |
| 008 - FIXED-LENGTH DATA ELEMENTS--GENERAL INFORMATION | |
| fixed length control field | 830418s1984 nyua b 001 0 eng |
| 010 ## - LIBRARY OF CONGRESS CONTROL NUMBER | |
| LC control number | 83006828 |
| 020 ## - INTERNATIONAL STANDARD BOOK NUMBER | |
| International Standard Book Number | 0442226101 (cover) |
| Cancelled/invalid ISBN | 0442226107 |
| 040 ## - CATALOGING SOURCE | |
| Original cataloging agency | DLC |
| Transcribing agency | DLC |
| Modifying agency | DLC |
| 050 00 - LIBRARY OF CONGRESS CALL NUMBER | |
| Classification number | TP156.P3 |
| Item number | H35 1984 |
| 082 00 - DEWEY DECIMAL CLASSIFICATION NUMBER | |
| Classification number | 620.43 |
| Edition number | 19 |
| Item number | HAN |
| 245 00 - TITLE STATEMENT | |
| Title | Handbook of Powder Science and Technology / |
| Statement of responsibility, etc | edited by M.E. Fayed, L. Otten. |
| 260 ## - PUBLICATION, DISTRIBUTION, ETC. (IMPRINT) | |
| Place of publication, distribution, etc | New York : |
| Name of publisher, distributor, etc | Van Nostrand Reinhold Co., |
| Date of publication, distribution, etc | c1984. |
| 300 ## - PHYSICAL DESCRIPTION | |
| Extent | xiv, 850 p. : |
| Other physical details | ill. ; |
| Dimensions | 26 cm. |
| 504 ## - BIBLIOGRAPHY, ETC. NOTE | |
| Bibliography, etc | Includes bibliographical references and index. |
| 650 #0 - SUBJECT ADDED ENTRY--TOPICAL TERM | |
| Topical term or geographic name as entry element | Particles. |
| 9 (RLIN) | 6289 |
| 650 #0 - SUBJECT ADDED ENTRY--TOPICAL TERM | |
| Topical term or geographic name as entry element | Powders. |
| 9 (RLIN) | 6290 |
| 700 1# - ADDED ENTRY--PERSONAL NAME | |
| Personal name | Fayed, M. E. |
| Fuller form of name | (Muhammad E.) |
| 9 (RLIN) | 6291 |
| 700 1# - ADDED ENTRY--PERSONAL NAME | |
| Personal name | Otten, L. |
| Fuller form of name | (Lambert) |
| 9 (RLIN) | 6292 |
| 942 ## - ADDED ENTRY ELEMENTS (KOHA) | |
| Source of classification or shelving scheme | Dewey Decimal Classification |
| Item type | Reference (NB) |
| Withdrawn status | Item status | Source of classification or shelving scheme | Damaged status | Not for loan | Vendor | Home library | Current library | Shelving location | Date acquired | Source of acquisition | Cost, normal purchase price | Total Checkouts | Full call number | Barcode | Date last seen | Koha item type |
|---|---|---|---|---|---|---|---|---|---|---|---|---|---|---|---|---|
| Dewey Decimal Classification | Alef-Baa | Central Library | Central Library | Ground Floor | 17/06/2009 | 150.00 | 620.43 HAN | 000016872 | 15/07/2025 | Reference (NB) |